LEADER 01090nam a2200289 a 4500 001 000000127955 003 CaOOAMICUS 005 20120313100828.0 008 120313s2011 it u000 u ita r 020 $z978-88-13.30839-1* 040 $aPUL$bita 082 04$a342.45 100 1 $aFalcon, Giandomenico.$0(OLS)http://pul/name/81432 245 10$aLineamenti di diritto pubblico /$cGiandomenico Falcon. 250 $a12. ed. 260 $aPadova :$bCEDAM,$c2011. 300 $aXIX, 635 p. ;$c24 cm. 500 $aInclude indici. 650 4$aDiritto costituzionale.$0(OLS)http://pul/subject/1174 850 $aPUL 852 $aPUL$W1$xSL Diritto e Scienze Sociali 3$y79$m342. 45 FALGI 1$j148109$qDDC 21$q $B146701$CPULBib$Z2$F146701 $H118960 $81 941 1 $a9 996 $6020$z978-88-13.30839-1*$9(OLS)http://pul/number/149140 996 $6082$a342.45$9(OLS)http://pul/classification/377 996 $6245$aLineamenti di diritto pubblico$9(OLS)http://pul/title/161699 996 $6260$aPadova :$bCEDAM$9(OLS)http://pul/publisher/48126 LEADER 01148nam a2200277 u 4500 001 000000050649 003 CaOOAMICUS 005 20070226115240.0 008 000824s1980 pau u000 u eng u 020 $a0800616405 035 $a10853942 040 $aPUL(R)$bita 100 1 $aCartlidge, David R.$0(OLS)http://pul/name/36425 245 10$aDocuments for the study of the gospels /$cDavid R. Cartlidge, David L. Dungan. 260 $aPhiladelphia :$bFortess Press,$c1980. 300 $a298 p. ;$c23 cm 630 04$aBiblia.$pN.T.$pEvangelia$xStudio.$0(OLS)http://pul/subject/208 651 4$aRoma$xReligione.$0(OLS)http://pul/subject/94 700 1 $aDungan, David L.$0(OLS)http://pul/name/3207 850 $aPUL 852 $aPUL$W1$xDP1 Fondo Ciprotti$y59$m1534 F 10$j67148$nBK-PRI$b $qFondi$B67148$CPULBib$Z2$F67148 $H $81 941 1 $a1 961 $aINV: 0679. Fondo Ciprotti 996 $6020$a0800616405$9(OLS)http://pul/number/64105 996 $6245$aDocuments for the study of the gospels$9(OLS)http://pul/title/68165 996 $6260$aPhiladelphia :$bFortess Press$9(OLS)http://pul/publisher/67770 LEADER 01238nam a2200313 a 4500 001 000000167920 003 CaOOAMICUS 005 20180529090851.0 008 180529s2018 it u000 u ita r 020 $a978-88-60855688* 032 $aLibriCat 040 $aPUL$bita 082 04$a348.45 110 1 $aItalia.$0(OLS)http://pul/name/1188 240 10$aCodice tributario (2018).$0(OLS)http://pul/title/208063 245 10$aCodice tributario. 260 $aMilanofiori Assago :$bWolters Kluwer,$cİ2018. 300 $aVIII, 2196 p. ;$c21 cm. 500 $aSul front.: Il codice per la prova scritta. Esame da commercialista. 500 $aIn testa al front.: Il fisco. 504 $aInclude riferimenti bibliografici ed indice. 850 $aPUL 852 $aPUL$W1$xSL Diritto e Scienze Sociali 3$y79$m348. 45 COD 2.47$j191615$qDDC 21$B195729$CPULBib$Z2$F195729 $H130866 $82 941 1 $a9 996 $6020$a978-88-60855688*$9(OLS)http://pul/number/164202 996 $6082$a348.45$9(OLS)http://pul/classification/373 996 $6245$aCodice tributario$9(OLS)http://pul/title/152280 996 $6260$aMilanofiori Assago :$bWolters Kluwer$9(OLS)http://pul/publisher/81463